| 000 -LEADER |
| fixed length control field |
01855cam a2200349 i 4500 |
| 001 - CONTROL NUMBER |
| control field |
17686975 |
| 005 - DATE AND TIME OF LATEST TRANSACTION |
| control field |
20221226110004.0 |
| 008 - FIXED-LENGTH DATA ELEMENTS--GENERAL INFORMATION |
| fixed length control field |
130405s2013 mdu b 001 0 eng |
| 010 ## - LIBRARY OF CONGRESS CONTROL NUMBER |
| LC control number |
2013009955 |
| 020 ## - INTERNATIONAL STANDARD BOOK NUMBER |
| International Standard Book Number |
9781442223127 (hbk. : alk. paper) |
| 020 ## - INTERNATIONAL STANDARD BOOK NUMBER |
| Canceled/invalid ISBN |
9781442223134 (electronic) |
| 040 ## - CATALOGING SOURCE |
| Original cataloging agency |
DLC |
| Language of cataloging |
eng |
| Transcribing agency |
DLC |
| Description conventions |
rda |
| Modifying agency |
DLC |
| 042 ## - AUTHENTICATION CODE |
| Authentication code |
pcc |
| 050 00 - LIBRARY OF CONGRESS CALL NUMBER |
| Classification number |
KZ5825.3 |
| Item number |
.G47 2013 |
| 082 00 - DEWEY DECIMAL CLASSIFICATION NUMBER |
| Classification number |
341.735,GER |
| Edition number |
23 |
| 100 1# - MAIN ENTRY--PERSONAL NAME |
| Personal name |
Gerstein, Daniel M., |
| Dates associated with a name |
1958- |
| 9 (RLIN) |
105879 |
| 245 10 - TITLE STATEMENT |
| Title |
National security and arms control in the age of biotechnology : |
| Remainder of title |
the Biological and Toxin Weapons Convention / |
| Statement of responsibility, etc. |
Daniel M. Gerstein. |
| 264 #1 - PRODUCTION, PUBLICATION, DISTRIBUTION, MANUFACTURE, AND COPYRIGHT NOTICE |
| Place of production, publication, distribution, manufacture |
Lanham : |
| Name of producer, publisher, distributor, manufacturer |
Rowman & Littlefield Publishers, Inc., |
| Date of production, publication, distribution, manufacture, or copyright notice |
[2013] |
| 300 ## - PHYSICAL DESCRIPTION |
| Extent |
xvii, 234 pages ; |
| Dimensions |
24 cm |
| 336 ## - CONTENT TYPE |
| Content type term |
text |
| Source |
rdacontent |
| 337 ## - MEDIA TYPE |
| Media type term |
unmediated |
| Source |
rdamedia |
| 338 ## - CARRIER TYPE |
| Carrier type term |
volume |
| Source |
rdacarrier |
| 505 ## - FORMATTED CONTENTS NOTE |
| Formatted contents note |
Introduction (Page-xi), The Road to the Biological Weapons Convention (Page-1), Biotechnology and Its Implications for the BWC (Page-29), Ten Reasons Why the BWC Matters (Page-53), Into the Abyss: The Articles of the Convention (Page-85), The BWC Review Conferences (RevCon) and Special Reviews (Page-103), To Verify or Not to Verify (Page-125), The Future of the BWC (Page-145), Conclusions and the Way Forward (Page-173), Notes (Page-211). |
| 630 00 - SUBJECT ADDED ENTRY--UNIFORM TITLE |
| Uniform title |
Convention on the Prohibition of the Development, Production, and Stockpiling of Bacteriological (Biological) and Toxin Weapons and on Their Destruction |
| Date of treaty signing |
(1972) |
| 9 (RLIN) |
85801 |
| 650 #0 - SUBJECT ADDED ENTRY--TOPICAL TERM |
| Topical term or geographic name entry element |
Biotechnology |
| General subdivision |
Law and legislation |
| 9 (RLIN) |
105880 |
| 650 #0 - SUBJECT ADDED ENTRY--TOPICAL TERM |
| Topical term or geographic name entry element |
Biological arms control. |
| 9 (RLIN) |
85799 |
| 650 #0 - SUBJECT ADDED ENTRY--TOPICAL TERM |
| Topical term or geographic name entry element |
National security |
| General subdivision |
Law and legislation |
| 9 (RLIN) |
105881 |
| 650 #0 - SUBJECT ADDED ENTRY--TOPICAL TERM |
| Topical term or geographic name entry element |
Biological warfare (International law) |
| 9 (RLIN) |
37139 |
| 906 ## - LOCAL DATA ELEMENT F, LDF (RLIN) |
| a |
7 |
| b |
cbc |
| c |
orignew |
| d |
1 |
| e |
ecip |
| f |
20 |
| g |
y-gencatlg |
| 942 ## - ADDED ENTRY ELEMENTS (KOHA) |
| Source of classification or shelving scheme |
|
| Koha item type |
Book |
| Call number prefix |
341.735,GER |